000 00277nam a22001337a 4500
008 210521b ||||| |||| 00| 0 eng d
041 _aeng
080 _a616.073
082 _a616.073
100 _a6
101 _aRAD
245 _aRadiologic
_cEvans,K.D
942 _2udc
_cBK
999 _c57579
_d57579